000
00241nam a2200109Ia 4500
008
190216s9999||||xx |||||||||||||| ||und||
100
_a
Dr.Mukundan N
245
0
_a
Kilippat
260
_b
Vidyarthimithram
650
_a
Kavithkal
942
_c
BK
999
_c
26271
_d
26271